Statistics for 22 British bands by songs

Click here to take the quiz!

General Stats

  • This quiz has been taken 187 times
  • The average score is 12 of 22

Answer Stats

Songs (by...)Band% Correct
Ob-la-di, ob-la-da + Help! + Yellow submarinethe Beatles
96%
Wonderwall + Morning glory + D'you know what I mean?Oasis
95%
Paint it, black + (I can't get no) Satisfaction + Sympathy for the Devilthe Rolling Stones
95%
Paranoid + Children of the grave + Sabbath bloody sabbathBlack Sabbath
82%
London calling + White riot + Should I stay or should I gothe Clash
82%
Anarchy in the U.K. + Holidays in the sun + Pretty vacantSex Pistols
76%
Parklife + Beetlebum + Coffee & TVBlur
75%
Comfortably numb + Any colour you like + Shine on you crazy diamondPink Floyd
69%
Trampled under foot + Immigrant song + Black dogLed Zeppelin
59%
The number of the beast + The trooper + Wasted yearsIron Maiden
55%
Love will tear us apart + New dawn fades + Atrocity exhibitionJoy Division
54%
White room + Sunshine of your love + Strange brewCream
53%
Ace of spades + Iron fist + Eat the richMotörhead
53%
Firestarter + Smack my bitch up + Voodoo peoplethe Prodigy
50%
Barbarism begins at home + Bigmouth strikes again + Girlfriend in a comathe Smiths
49%
Painkiller + Breaking the law + You've got another thing comingJudas Priest
34%
Ever fallen in love (with someone you shouldn't've?) + TTT + I don't mindBuzzcocks
27%
If you tolerate this your children will be next + A design for life + RevolManic Street Preachers
27%
The boy with the Arab strap + I fought in a war + Step into my office, babyBelle and Sebastian
18%
Metal mickey + We are the pigs + She's in fashionSuede
15%
Lady in black + Come away Melinda + Easy livin'Uriah Heep
8%
One second + Hallowed land + Fall from graceParadise Lost
3%

Score Distribution

Percentile by Number Answered

Percent of People with Each Score

Your Score History

You have not taken this quiz